| 000 | 00614nam a2200205 a 4500 | ||
|---|---|---|---|
| 005 | 20210223120527.0 | ||
| 008 | 991125s1978 mx 000 0 spa u | ||
| 020 | _a9682300380 | ||
| 035 | _aUPN01000002871 | ||
| 049 | _aCG | ||
| 050 | 4 |
_aHX868 _bO8.3 |
|
| 100 | 1 | _aOved, Iaacov | |
| 245 | 1 | 3 |
_aEl anarquismo y el movimiento obrero en Argentina / _cpor Iaacov Oved. |
| 260 |
_aMéxico : _bSiglo XXI, _c1978. |
||
| 300 | _a459 p. | ||
| 440 | 0 |
_aAmérica nuestra. _pCaminos de liberación ; _v14 |
|
| 650 | 4 |
_aANARQUISMO Y ANARQUISTAS - _zARGENTINA _9570 |
|
| 650 | 4 |
_aSINDICATOS - _zARGENTINA _96018 |
|
| 905 | _aLibro | ||
| 999 |
_c2871 _d2871 |
||